000 00425nam a2200181Ia 4500
001 15254
005 20260306165014.0
008 260306t2013||||xx |||||||||||||| ||spa||
041 _aESP
082 _a531.11
_bB33D
100 _aBeer, Ferdinand P.
_eAUT
245 0 _aMecánica vectorial para ingenieros:
_bdinámica
260 _c2013
300 _a
_c
650 _aGEN
654 _aCCN
942 _cLIB
_dJUS
_fJUS
_2ddc
_n
999 _c15254
_d15254